Psychology for teaching
This ninth edition text incorporates additional material on the following topics: reflective teaching; holistic teaching; gender stereotyping; Thorndike; long term memory; giftedness; ADHD; performance-based assessment; and technology
সংরক্ষণ করুন:
| প্রধান লেখক: | |
|---|---|
| অন্যান্য লেখক: | |
| ভাষা: | Undetermined English |
| প্রকাশিত: |
Belmont, CA
Wadsworth Pub. Co.
1997
|
| বিষয়গুলি: | |
| ট্যাগগুলো: |
ট্যাগ যুক্ত করুন
কোনো ট্যাগ নেই, প্রথমজন হিসাবে ট্যাগ করুন!
|
| Thư viện lưu trữ: | Trung tâm Học liệu Trường Đại học Trà Vinh |
|---|
| LEADER | 00895nam a2200253Ia 4500 | ||
|---|---|---|---|
| 001 | TVU_15549 | ||
| 008 | 210423s9999 xx 000 0 und d | ||
| 020 | |a 053450678X | ||
| 020 | |a 9780534506780 | ||
| 041 | |a eng | ||
| 082 | |a 370.15 | ||
| 082 | |b G523 | ||
| 100 | |a Lefranc'ois, Guy R. | ||
| 245 | 0 | |a Psychology for teaching | |
| 245 | 0 | |c Guy R. Lefranc'ois | |
| 260 | |a Belmont, CA | ||
| 260 | |b Wadsworth Pub. Co. | ||
| 260 | |c 1997 | ||
| 300 | |a 576 p. | ||
| 300 | |c 23 cm | ||
| 520 | |a This ninth edition text incorporates additional material on the following topics: reflective teaching; holistic teaching; gender stereotyping; Thorndike; long term memory; giftedness; ADHD; performance-based assessment; and technology | ||
| 650 | |a Educational psychology; Teaching; Learning; Psychology of | ||
| 700 | |a Guy R. Lefranc'ois | ||
| 980 | |a Trung tâm Học liệu Trường Đại học Trà Vinh | ||


